000 00436nam a2200133Ia 4500
008 100328s9999 xx 000 0 und d
082 _b60025
100 _aजहागीरदार विजया.
245 _aनिवडुंगाचा मोहर.
260 _bनंदादीप.
630 _aनिवडुंगाचा मोहर.
730 _aनिवडुंगाचा मोहर.
942 _cBOOK
999 _c546197
_d546194